| 000 | 00388nam a2200145Ia 4500 | ||
|---|---|---|---|
| 008 | 230917s9999||||xx |||||||||||||| ||und|| | ||
| 040 |
_e51815 _aMAIN |
||
| 041 | _aEnglish | ||
| 082 | _aB N315B:J | ||
| 100 | _aBlackett, P M S | ||
| 245 | 0 | _aJawaharlal Nehru memorial lectures: 1967-1972 | |
| 260 |
_aNew Delhi _bJawaharlal Nehru Memorial Fund _c1973 |
||
| 300 | _a220 p. | ||
| 942 | _cBK | ||
| 999 |
_c148862 _d148862 |
||